Phân tích hiệu quả kinh tế dự án thoát nước đô thị tại quận Ninh Kiều, thành phố Cần Thơ : Luận văn tốt nghiệp Cao học. Chuyên ngành Quản lý tài nguyên và môi trường

Nghiên cứu phân tích đánh giá hiệu quả kinh tế dự án thoát nước đô thị tại quận Ninh Kiều, thành phố Cần Thơ nhằm tìm ra những dự án thoát nước đô thị có tính hiệu quả kinh tế, mang lại lộ ích cho thành phố và cộng đồng dân cư tại đ...

ver descrição completa

Na minha lista:
Detalhes bibliográficos
Autor principal: Mai, Hoàng Thảo Nguyên
Formato: Livro
Idioma:Undetermined
Publicado em: Cần Thơ Trường Đại học Cần Thơ 2018
Assuntos:
Tags: Adicionar Tag
Sem tags, seja o primeiro a adicionar uma tag!
Thư viện lưu trữ: Trung tâm Học liệu Trường Đại học Cần Thơ
LEADER 01290nam a2200205Ia 4500
001 CTU_225559
008 210402s9999 xx 000 0 und d
082 |a 628.21 
082 |b Ng527 
100 |a Mai, Hoàng Thảo Nguyên 
245 0 |a Phân tích hiệu quả kinh tế dự án thoát nước đô thị tại quận Ninh Kiều, thành phố Cần Thơ : 
245 0 |b Luận văn tốt nghiệp Cao học. Chuyên ngành Quản lý tài nguyên và môi trường 
245 0 |c Mai Hoàng Thảo Nguyên ; Nguyễn Hiếu Trung (Cán bộ hướng dẫn) 
260 |a Cần Thơ 
260 |b Trường Đại học Cần Thơ 
260 |c 2018 
520 |a Nghiên cứu phân tích đánh giá hiệu quả kinh tế dự án thoát nước đô thị tại quận Ninh Kiều, thành phố Cần Thơ nhằm tìm ra những dự án thoát nước đô thị có tính hiệu quả kinh tế, mang lại lộ ích cho thành phố và cộng đồng dân cư tại địa phương. 
650 |a Sewer design,Thiết kế hệ thống thoát nước 
910 |b nthai 
980 |a Trung tâm Học liệu Trường Đại học Cần Thơ